书目信息 |
| 题名: |
Essential succession
|
|
| 作者: | 伊沃比, 著 | |
| 分册: | ||
| 出版信息: | 武汉 武汉大学出版社 2004 |
|
| 页数: | 264页 | |
| 开本: | 20cm | |
| 丛书名: | 影印版法学基础系列 | |
| 单 册: | ||
| 中图分类: | D956.13 | |
| 科图分类: | ||
| 主题词: | 继承法--高等学校--英文--英国 | |
| 电子资源: | ||
| ISBN: | 7-307-04229-0 | |
| 000 | 01203nam 2200325 45 | |
| 001 | 192004004314 | |
| 005 | 20070913155726.51 | |
| 010 | @a7-307-04229-0@dCNY14.00 | |
| 100 | @a20070604d2004 ekmy0chiy0121 ba | |
| 101 | 0 | @aeng |
| 102 | @aCN@b420000 | |
| 105 | @ay z 001yy | |
| 200 | 1 | @aEssential succession@fAndrew Iwobi@d= 继承法基础@f安德鲁·伊沃比@zchi@AEssential succession |
| 205 | @a影印版 | |
| 210 | @a武汉@c武汉大学出版社@d2004 | |
| 215 | @a264页@d20cm | |
| 225 | 2 | @a影印版法学基础系列@Aying yin ban fa xue ji chu xi lie |
| 300 | @a并列题名:继承法基础 | |
| 305 | @a引自原书第2版 | |
| 306 | @a本书中文版专有出版权由英国卡文迪什出版有限公司授予武汉大学出版社出版。 | |
| 320 | @a有索引 | |
| 324 | @a本书影印自原书第2版 | |
| 330 | @a本书以英语判例法为背景, 详细而全国地介绍了英国继承法的基本知识, 全书从遗嘱基本特性的分析入手, 指出了一项有效的遗嘱所应具备的形式要件, 通过对英国法律关于遗嘱形式要求的发展变化的介绍等。 | |
| 410 | 0 | @12001 @a影印版法学基础系列 |
| 510 | 1 | @a继承法基础@zchi |
| 606 | 0 | @a继承法@x高等学校@x英文@y英国 |
| 690 | @aD956.13@v4 | |
| 701 | 1 | @a伊沃比,@Ayi wo bi@bA.@g(Andrew, Iwobi)@4著 |
| 801 | 0 | @aCN@c20070913 |
| 905 | @dD956.13@eY499=2 | |
| Essential succession/Andrew Iwobi= 继承法基础/安德鲁·伊沃比.-影印版.-武汉:武汉大学出版社,2004 |
| 264页;20cm.-(影印版法学基础系列) |
| 并列题名:继承法基础 |
| ISBN 7-307-04229-0:CNY14.00 |
| 本书以英语判例法为背景, 详细而全国地介绍了英国继承法的基本知识, 全书从遗嘱基本特性的分析入手, 指出了一项有效的遗嘱所应具备的形式要件, 通过对英国法律关于遗嘱形式要求的发展变化的介绍等。 |
| ● |
| 相关链接 |
|
|
|
正题名:Essential succession
索取号:D956.13/Y499=2
 
预约/预借
| 序号 | 登录号 | 条形码 | 馆藏地/架位号 | 状态 | 备注 |
| 1 | 616769 | 206167690 | 社科库509/509社科库 107排2列4层/ [索取号:D956.13/Y499=2] | 在馆 | |
| 2 | 616770 | 206167707 | 社科库509/509社科库 107排2列4层/ [索取号:D956.13/Y499=2] | 在馆 | |
| 3 | 616771 | 206167716 | 社科库509/509社科库 107排2列4层/ [索取号:D956.13/Y499=2] | 在馆 |